000 00512nam a2200169 i 4500
001 87552
003 ES-MaACL
005 20230906175707.0
007 t|
008 041222s1968 sp ||||1| spa d
100 1 _aKriegel, Annie.
_968843
245 1 4 _aLas internacionales obreras /
_cAnnie Kriegel ; [traducción de Antonio G. Valiente].
260 _a[Barcelona] :
_bMartínez Roca,
_c[1968]
300 _a139 p. ;
_c20 cm.
700 1 _aValiente, Antonio G.
_9112693
852 _aES-MaACL
_jC-51691
_bR.69431
999 _c87552
_d87552